GIS, environmental modeling and engineering /

Spatial dimensions need to be properly captured if modeling and engineering techniques are to be successfully applied in addressing environmental problems. The links between the geographical information systems (GIS) that capture this data, simulation modeling, and engineering offer tremendous possi...

Full description

Bibliographic Details
Main Author: Brimicombe, Allan
Corporate Author: Taylor & Francis
Format: eBook
Language:English
Language Notes:English.
Published: Boca Raton : CRC Press, ©2010.
Edition:2nd ed.
Subjects:
Online Access:Connect to the full text of this electronic book

MARC

Tag First Indicator Second Indicator Subfields
LEADER 00000cam a2200000 a 4500
001 in00005522016
006 m o d
007 cr cnu---unuuu
008 100416s2010 fluab ob 001 0 eng d
005 20241108165634.3
010 |z  2009035961 
035 |a (OCoLC)ocn607552476 
040 |a N$T  |b eng  |e pn  |c N$T  |d CDX  |d YDXCP  |d WAU  |d IDEBK  |d E7B  |d FHM  |d OCLCQ  |d HF7  |d EBLCP  |d OCLCQ  |d COO  |d OCLCQ  |d OCLCF  |d OCLCQ  |d OCLCO  |d DEBSZ  |d OCLCO  |d CRCPR  |d OCLCQ  |d OCLCO  |d OCLCQ  |d S3O  |d OCLCO  |d OCLCQ  |d OCLCO  |d PIFBY  |d OTZ  |d UAB  |d OCLCQ  |d OCLCO  |d OCL  |d ERL  |d UUM  |d OCLCQ  |d CEF  |d UPM  |d NLE  |d INT  |d AU@  |d OCLCQ  |d OCLCO  |d UKMGB  |d S9I  |d YDX  |d OCLCQ  |d LEAUB  |d OL$  |d UKAHL  |d OCLCQ  |d QGK  |d OCLCO  |d OCLCQ  |d SFB  |d OCLCO  |d OCLCQ  |d OCLCL 
016 7 |a 018392156  |2 Uk 
019 |a 643593038  |a 647879745  |a 872320534  |a 991937870  |a 994988904  |a 1031041465  |a 1241745975  |a 1259061752 
020 |a 9781439808726  |q (electronic bk.) 
020 |a 1439808724  |q (electronic bk.) 
020 |a 1439808708  |q (hardcover ;  |q alk. paper) 
020 |a 9781439808702  |q (hardcover ;  |q alk. paper) 
020 |z 9781439808702 
020 |a 0429093411 
020 |a 9780429093418 
020 |a 9786612495649 
020 |a 6612495642 
024 7 |a 10.1201/9781439808726  |2 doi 
035 |a (OCoLC)607552476  |z (OCoLC)643593038  |z (OCoLC)647879745  |z (OCoLC)872320534  |z (OCoLC)991937870  |z (OCoLC)994988904  |z (OCoLC)1031041465  |z (OCoLC)1241745975  |z (OCoLC)1259061752 
037 |a TANDF_203063  |b Ingram Content Group 
050 4 |a G70.212  |b .B75 2010eb 
072 7 |a TEC  |x 010000  |2 bisacsh 
082 0 4 |a 628.0285  |2 22 
049 |a TXAM 
100 1 |a Brimicombe, Allan. 
245 1 0 |a GIS, environmental modeling and engineering /  |c Allan Brimicombe. 
250 |a 2nd ed. 
260 |a Boca Raton :  |b CRC Press,  |c ©2010. 
300 |a 1 online resource (xv, 361 pages) :  |b illustrations, maps 
336 |a text  |b txt  |2 rdacontent 
337 |a computer  |b c  |2 rdamedia 
338 |a online resource  |b cr  |2 rdacarrier 
347 |a data file  |2 rda 
504 |a Includes bibliographical references and index. 
505 0 |a 1. Introduction -- 2. From GIS to geocomputation -- 3. GIScience and the rise of geo-information engineering -- 4. Approaches to modeling -- 5. The role and nature of environmental models -- 6. Case studies in GIS, environmental modeling, and engineering -- 7. Issues of coupling the technologies -- 8. Data and information quality issues -- 9. Modeling issues -- 10. Decision making under uncertainty. 
588 0 |a Print version record. 
520 |a Spatial dimensions need to be properly captured if modeling and engineering techniques are to be successfully applied in addressing environmental problems. The links between the geographical information systems (GIS) that capture this data, simulation modeling, and engineering offer tremendous possibilities for building versatile support systems for managing the environment. GIS, Environmental Modeling and Engineering focuses on using GIS and external models to solve real environmental problems, promoting the critical thinking needed for the effective applications of these sys. 
546 |a English. 
650 0 |a Geographic information systems. 
650 0 |a Environmental sciences  |x Mathematical models. 
650 0 |a Environmental engineering  |x Mathematical models. 
650 2 |a Geographic Information Systems 
650 6 |a Systèmes d'information géographique. 
650 6 |a Sciences de l'environnement  |x Modèles mathématiques. 
650 6 |a Technique de l'environnement  |x Modèles mathématiques. 
650 7 |a geographic information systems.  |2 aat 
650 7 |a TECHNOLOGY & ENGINEERING  |x Environmental  |x General.  |2 bisacsh 
650 7 |a Environmental engineering  |x Mathematical models  |2 fast 
650 7 |a Environmental sciences  |x Mathematical models  |2 fast 
650 7 |a Geographic information systems  |2 fast 
650 7 |a Geografiska informationssystem.  |2 sao 
655 7 |a Electronic books.  |2 local 
655 7 |a geographic information systems.  |2 aat 
655 7 |a Geographic information systems  |2 fast 
655 7 |a Geographic information systems.  |2 lcgft 
655 7 |a Systèmes d'information géographique.  |2 rvmgf 
710 2 |a Taylor & Francis. 
758 |i has work:  |a GIS, environmental modeling and engineering (Text)  |1 https://id.oclc.org/worldcat/entity/E39PCFGVCxMqxqdwTWwCMtTd73  |4 https://id.oclc.org/worldcat/ontology/hasWork 
776 0 8 |i Print version:  |a Brimicombe, Allan.  |t GIS, environmental modeling and engineering.  |b 2nd ed.  |d Boca Raton : CRC Press, ©2010  |z 9781439808702  |w (DLC) 2009035961  |w (OCoLC)286459435 
856 4 0 |u http://proxy.library.tamu.edu/login?url=https://www.taylorfrancis.com/books/9780429093418  |z Connect to the full text of this electronic book  |t 0 
955 |a Taylor and Francis ENGnetBASE 
994 |a 92  |b TXA 
999 f f |s cb8205be-9e9a-4529-b6bd-7fc8fc64a8fd  |i 957026fb-baef-4c3a-970d-b53c14453fe0  |t 0 
952 f f |a Texas A&M University  |b College Station  |c Electronic Resources  |d Available Online  |t 0  |e G70.212 .B75 2010eb  |h Library of Congress classification 
998 f f |a G70.212 .B75 2010eb  |t 0  |l Available Online